Sabrina Carpenter - Paroles Vicious - Statistiques

Statistiques générales
  • Ce quiz a été pris 30 fois
  • Le résultat moyen est 214 sur 252
Statistiques - réponses
Hint Réponse % Correct
a
100%
I
100%
me,
100%
me
100%
Outro | Post-refrain | Refrain Oh,
100%
oh
100%
so
100%
so,
100%
vicious
100%
vicious?
100%
you
100%
Bridge | Couplet 2 You
100%
your
100%
You're
100%
you're
100%
be
95%
didn't
95%
Love
95%
love
95%
Why
95%
an
90%
gotta
90%
heart
90%
in
90%
my
90%
Couplet 1 One
90%
one
90%
pretend
90%
the
90%
then
90%
And
86%
and
86%
best
86%
But
86%
but
86%
could
86%
her
86%
it
86%
like,
86%
like
86%
moments
86%
of
86%
was
86%
wish
86%
year,
86%
bad
81%
feel
81%
I'm
81%
loved
81%
no
81%
that
81%
thousand
81%
type
81%
angel
76%
'Cause
76%
different
76%
don't
76%
if
76%
If
76%
insecure,
76%
is
76%
just
76%
lucky
76%
Now
76%
person
76%
resist
76%
run
76%
ten
76%
think
76%
to
76%
To
76%
When
76%
woman
76%
actin'
71%
can't
71%
certain
71%
for
71%
fuck
71%
Half
71%
hurt
71%
image
71%
life
71%
private
71%
probably
71%
promise
71%
Pré-refrain Said
71%
tried
71%
use
71%
whoever
71%
would
71%
all
67%
Crush
67%
died
67%
effects
67%
look
67%
next
67%
only
67%
smart
67%
thinks
67%
winning
67%
worst
67%
along,
62%
as
62%
burden
62%
carried
62%
commotion
62%
everyone
62%
I've
62%
kinda
62%
known
62%
listenin'
62%
out
62%
quietly
62%
remorse,
62%
shit,
62%
take
62%
there
62%
emotion
57%
somewhere
57%
songs
57%
Who's
57%
wording
57%
caused
52%
dressed
52%
intuition
52%
neglects
52%
up
52%
wreck
52%
heated
48%
shoulda
48%
Aucun quiz correspondant
Distribution des résultats
% des personnes avec chaque résultat
Percentile par nombre de réponses
Votre historique - résultats
Vous n’avez pas pris ce quiz